[Event "Durres op"]
[Site "Durres"]
[Date "2014.11.06"]
[Round "7"]
[White "Draci, Robert"]
[Black "Rama, Lorenc"]
[Result "0-1"]
[WhiteElo "2169"]
[BlackElo "2316"]
[PlyCount "67"]
[EventDate "2014.11.01"]
[EventType "swiss"]
[EventRounds "9"]
[EventCountry "ALB"]
[SourceTitle "EXT 2015"]
[Source "ChessBase"]
[SourceDate "2014.11.20"]
[SourceVersion "1"]
[SourceVersionDate "2014.11.20"]
[SourceQuality "1"]

1. d4 Nf6 2. c4 e6 3. Nf3 b6 4. g3 Bb7 5. Bg2 Bb4+ 6. Nbd2 a5 7. a3 Bxd2+ 8. Bxd2 a4 9. 0-0 0-0 10. Re1 d6 11. b4 axb3 12. Qxb3 Ne4 13. Bc1 Nc6 14. Bb2 Na5 15. Qc2 f5 16. e3 Ra7 17. Rad1 Qa8 18. Nd2 Nxd2 19. Bxb7 Qxb7 20. Rxd2 d5 21. cxd5 exd5 22. Rd3 Nc4 23. Rc3 Qc6 24. Bc1 Qd6 25. Qd3 b5 26. f3 c6 27. e4 fxe4 28. fxe4 dxe4 29. Rxe4 Qd5 30. Qe2 Raf7 31. Qg4 Rf1+ 32. Kg2 Rxc1 33. Rf3 Rxf3 34. Kxf3 0-1

[Event "Durres op"]
[Site "Durres"]
[Date "2013.05.05"]
[Round "2"]
[White "Draci, Robert"]
[Black "Blagojevic, Dragisa"]
[Result "0-1"]
[WhiteElo "2176"]
[BlackElo "2520"]
[PlyCount "92"]
[EventDate "2013.05.04"]
[EventType "swiss"]
[EventRounds "9"]
[EventCountry "ALB"]
[SourceTitle "EXT 2016"]
[Source "ChessBase"]
[SourceDate "2015.10.08"]
[SourceVersion "1"]
[SourceVersionDate "2015.10.08"]
[SourceQuality "1"]

1. d4 d5 2. c4 e6 3. g3 Nf6 4. Bg2 dxc4 5. Nf3 Bb4+ 6. Bd2 a5 7. 0-0 0-0 8. Bg5 Nc6 9. a3 Be7 10. e3 e5 11. Qc2 exd4 12. Rd1 Bg4 13. h3 Bxf3 14. Bxf3 Nd5 15. Bxe7 Ndxe7 16. Bg2 b5 17. a4 Nb4 18. Qd2 Rb8 19. axb5 c6 20. bxc6 dxe3 21. fxe3 Nexc6 22. Qe2 Qg5 23. Kh2 Rfe8 24. Qxc4 Rxe3 25. g4 Ne5 26. Qc7 Re8 27. Nc3 Qh4 28. Kg1 Qg3 29. Kh1 Nbd3 30. Rd2 Nf2+ 31. Rxf2 Qxf2 32. Ne4 Re1+ 33. Rxe1 Qxe1+ 34. Kh2 h6 35. Nd6 Qf2 36. Qb7 Qf4+ 37. Kg1 Nf3+ 38. Qxf3 Qxd6 39. Qc3 Qe5 40. Qc2 Rb8 41. b3 Qe3+ 42. Kh2 Qxb3 43. Qc7 Qb6 44. Qe7 Rd8 45. Qe4 Qd4 46. Qf5 a4 0-1

[Event "Ambelokipi op 089th"]
[Site "Athens"]
[Date "2008.09.06"]
[Round "1"]
[White "Drakakis, Georgios"]
[Black "Draci, Robert"]
[Result "1/2-1/2"]
[WhiteElo "1780"]
[BlackElo "2180"]
[PlyCount "119"]
[EventDate "2008.09.06"]
[EventType "swiss"]
[EventRounds "6"]
[EventCountry "GRE"]
[SourceTitle "EXT 2024"]
[Source "ChessBase"]
[SourceDate "2023.10.10"]
[SourceVersion "1"]
[SourceVersionDate "2023.10.10"]
[SourceQuality "1"]

1. e4 c5 2. Nc3 a6 3. g3 Nc6 4. Bg2 g6 5. d3 Bg7 6. Be3 d6 7. Qd2 Bd7 8. f4 Nf6 9. h3 0-0 10. Nf3 Qc7 11. 0-0 e6 12. g4 b5 13. Nh4 Rac8 14. f5 Nd4 15. Rf2 b4 16. Ne2 Nxe2+ 17. Rxe2 exf5 18. exf5 Rfe8 19. fxg6 hxg6 20. Rf2 Be6 21. Bh6 Bh8 22. Raf1 Nd5 23. Qg5 Qe7 24. Bxd5 Qxg5 25. Bxg5 Bxd5 26. Bf6 Re3 27. Kh2 Rce8 28. Bxh8 Kxh8 29. Ng2 Re2 30. b3 g5 31. Kg1 Kg7 32. Rxe2 Rxe2 33. Rf2 Rxf2 34. Kxf2 Bxg2 35. Kxg2 Kf6 36. Kf3 Ke5 37. Kg3 d5 38. h4 gxh4+ 39. Kxh4 Kf4 40. Kh5 a5 41. g5 Kf5 42. Kh6 Kf4 43. Kg7 Kxg5 44. Kxf7 Kf5 45. Ke7 Ke5 46. Kd7 Kd4 47. Kc6 Kc3 48. Kxc5 d4 49. Kd5 Kxc2 50. Kxd4 Kb2 51. Kc5 Kxa2 52. d4 a4 53. d5 axb3 54. d6 b2 55. d7 b1Q 56. d8Q Qe1 57. Qa8+ Kb1 58. Qa5 Qe7+ 59. Kc4 Qe4+ 60. Kb3 1/2-1/2

[Event "Ambelokipi op 87th"]
[Site "Athens"]
[Date "2008.05.28"]
[Round "6"]
[White "Draci, Robert"]
[Black "Nikolaidou, Eleni"]
[Result "1-0"]
[WhiteElo "2166"]
[BlackElo "1817"]
[PlyCount "129"]
[EventDate "2008.05.10"]
[EventType "swiss"]
[EventRounds "7"]
[EventCountry "GRE"]
[SourceTitle "EXT 2010"]
[Source "ChessBase"]
[SourceDate "2010.11.25"]
[SourceVersion "1"]
[SourceVersionDate "2010.11.25"]
[SourceQuality "1"]

1. e4 c5 2. Nf3 d6 3. d4 cxd4 4. Nxd4 Nf6 5. Nc3 Nc6 6. Be2 e5 7. Nb3 Be7 8. Bg5 Be6 9. Qd2 0-0 10. 0-0 a5 11. a4 Nb4 12. f4 Nxc2 13. Qxc2 Qb6+ 14. Kh1 Bxb3 15. Qd3 Rac8 16. Qg3 Rxc3 17. bxc3 Nxe4 18. Qd3 Nc5 19. Qb1 Bxg5 20. fxg5 Qc6 21. Bb5 Qe4 22. Qb2 Qc2 23. Rf2 Qxb2 24. Rxb2 Be6 25. Be2 Rd8 26. Rb5 Bd5 27. Ra3 Ra8 28. Rb6 Bc6 29. Bd1 Kf8 30. Kg1 Ke7 31. Bc2 e4 32. Kf2 d5 33. Ke3 Rd8 34. Rb1 Ke6 35. Rf1 Rd6 36. Raa1 Nd7 37. Rf4 Ke7 38. Raf1 Ne5 39. Kd4 Re6 40. Rh4 h6 41. gxh6 gxh6 42. Rf5 Kd6 43. Rhf4 Be8 44. Rf6 Nc6+ 45. Ke3 h5 46. Bd1 Rxf6 47. Rxf6+ Kc5 48. Bxh5 Ne5 49. Rf1 Kc4 50. Rc1 Bxa4 51. Be2+ Kc5 52. h4 Bd7 53. h5 Bf5 54. Kf4 Nd3+ 55. Bxd3 exd3 56. Kxf5 Kc4 57. h6 d2 58. Rd1 Kxc3 59. h7 Kc2 60. Rxd2+ Kxd2 61. h8Q Kd3 62. Qb2 Kc4 63. Ke5 a4 64. Qd4+ Kb3 65. Qxd5+ 1-0

[Event "Ambelokipi op 87th"]
[Site "Athens"]
[Date "2008.05.24"]
[Round "5"]
[White "Anastasopoulos, Spyros"]
[Black "Draci, Robert"]
[Result "1-0"]
[WhiteElo "2201"]
[BlackElo "2166"]
[PlyCount "107"]
[EventDate "2008.05.10"]
[EventType "swiss"]
[EventRounds "7"]
[EventCountry "GRE"]
[SourceTitle "EXT 2010"]
[Source "ChessBase"]
[SourceDate "2010.11.25"]
[SourceVersion "1"]
[SourceVersionDate "2010.11.25"]
[SourceQuality "1"]

1. e4 c5 2. Nc3 d6 3. f4 a6 4. a4 Nc6 5. Nf3 g6 6. d4 cxd4 7. Nxd4 Bg7 8. Nb3 b6 9. Be2 Bb7 10. Be3 Nf6 11. 0-0 0-0 12. Bf3 Nd7 13. Qe1 Nb4 14. Qf2 Rc8 15. Nd4 e5 16. fxe5 Nxe5 17. Rad1 Qe8 18. Qh4 h5 19. Be2 Nc4 20. Bc1 Qe5 21. Kh1 Qc5 22. Nb3 Qc7 23. Nd4 Ne5 24. Bg5 d5 25. Be7 a5 26. Bxf8 Rxf8 27. exd5 Nxd5 28. Ndb5 Qc5 29. Nxd5 Bxd5 30. Qd4 Qxd4 31. Rxd4 Bc6 32. Rd6 Rb8 33. b3 Bf8 34. Rdd1 Bc5 35. Nd4 Bb7 36. h3 Kg7 37. Nf3 Nc6 38. Rd7 Ne7 39. Ng5 Nf5 40. h4 Ng3+ 41. Kh2 Nxf1+ 42. Bxf1 Kf6 43. Rxf7+ Ke5 44. Bd3 Bd5 45. Rg7 Kd4 46. Rd7 Ke5 47. Bxg6 Be3 48. Re7+ Kd4 49. Ne6+ Bxe6 50. Rxe6 Bf4+ 51. Kh3 Kc5 52. Re4 Bd6 53. Bxh5 Rg8 54. Rc4+ 1-0

[Event "Ambelokipi op 85th"]
[Site "Athens"]
[Date "2008.03.19"]
[Round "4"]
[White "Delithanasis, Dimitrios"]
[Black "Draci, Robert"]
[Result "1/2-1/2"]
[WhiteElo "2196"]
[BlackElo "2166"]
[PlyCount "91"]
[EventDate "2008.03.11"]
[EventType "swiss"]
[EventRounds "7"]
[EventCountry "GRE"]
[SourceTitle "EXT 2010"]
[Source "ChessBase"]
[SourceDate "2010.11.25"]
[SourceVersion "1"]
[SourceVersionDate "2010.11.25"]
[SourceQuality "1"]

1. d4 Nf6 2. Nf3 e6 3. e3 b6 4. Bd3 Bb7 5. 0-0 Be7 6. c4 0-0 7. Nc3 d5 8. cxd5 exd5 9. b3 Nbd7 10. Bb2 Ne4 11. Ne2 Bd6 12. Ne5 Re8 13. f3 Nef6 14. f4 Ne4 15. Bb5 Bxe5 16. fxe5 c6 17. Bd3 f6 18. Ng3 Nxg3 19. hxg3 fxe5 20. Bxh7+ Kxh7 21. Qh5+ Kg8 22. Qf7+ Kh8 23. Rf5 Nf6 24. Qxb7 Re7 25. Qxc6 Rc8 26. Qa4 e4 27. Raf1 Qc7 28. Ba3 Rf7 29. R5f4 Qc3 30. Bc1 Qd3 31. R4f2 Rfc7 32. Qa3 Kh7 33. Bd2 Rc2 34. Qxa7 Rxd2 35. Rxf6 Qxe3+ 36. Kh2 Rc3 37. Rg6 Kxg6 38. Qf7+ Kh7 39. Qf5+ g6 40. Qf7+ Kh6 41. Qf8+ Kh5 42. Rf5+ gxf5 43. Qxf5+ Qg5 44. Qh7+ Qh6 45. Qf5+ Qg5 46. Qh7+ 1/2-1/2

[Event "Ambelokipi op 85th"]
[Site "Athens"]
[Date "2008.03.12"]
[Round "2"]
[White "Papamichael, Georgios"]
[Black "Draci, Robert"]
[Result "0-1"]
[WhiteElo "1918"]
[BlackElo "2166"]
[PlyCount "86"]
[EventDate "2008.03.11"]
[EventType "swiss"]
[EventRounds "7"]
[EventCountry "GRE"]
[SourceTitle "EXT 2010"]
[Source "ChessBase"]
[SourceDate "2010.11.25"]
[SourceVersion "1"]
[SourceVersionDate "2010.11.25"]
[SourceQuality "1"]

1. d4 Nf6 2. Nc3 d5 3. Bg5 e6 4. e4 Be7 5. e5 Nfd7 6. Bxe7 Qxe7 7. f4 a6 8. Nf3 c5 9. Qd2 b5 10. Ne2 Nc6 11. c3 Bb7 12. Ng3 g6 13. h4 h5 14. Bd3 Nb6 15. Qf2 cxd4 16. Nxd4 Nxd4 17. Qxd4 Na4 18. Rb1 Rc8 19. Ne2 Nc5 20. Ng3 Nxd3+ 21. Qxd3 d4 22. Qxd4 Bxg2 23. Rh2 Bd5 24. Ne4 Bxe4 25. Qxe4 0-0 26. Rd1 Rc4 27. Rd4 Rfc8 28. Kf2 Rxd4 29. Qxd4 Rc4 30. Qd2 Qc5+ 31. Kg3 b4 32. cxb4 Rxb4 33. Re2 Rd4 34. Qe3 Qd5 35. Kf2 Qc4 36. b3 Rxf4+ 37. Ke1 Qb4+ 38. Kd1 Rxh4 39. Rd2 Kg7 40. Kc2 Re4 41. Qa7 Rxe5 42. Rd7 Re2+ 43. Kd3 Qe4+ 0-1

[Event "Ambelokipi op 85th"]
[Site "Athens"]
[Date "2008.03.11"]
[Round "1"]
[White "Draci, Robert"]
[Black "Korkoliakos, Nikolaos"]
[Result "1-0"]
[WhiteElo "2166"]
[BlackElo "1678"]
[PlyCount "73"]
[EventDate "2008.03.11"]
[EventType "swiss"]
[EventRounds "7"]
[EventCountry "GRE"]
[SourceTitle "EXT 2010"]
[Source "ChessBase"]
[SourceDate "2010.11.25"]
[SourceVersion "1"]
[SourceVersionDate "2010.11.25"]
[SourceQuality "1"]

1. d4 e6 2. c4 c5 3. d5 exd5 4. cxd5 d6 5. Nc3 Nf6 6. Nf3 Be7 7. g3 a6 8. a4 Nbd7 9. Bg2 0-0 10. 0-0 Re8 11. h3 Ne5 12. Nd2 Bd7 13. f4 Ng6 14. a5 Qc8 15. Kh2 h6 16. Nc4 Bd8 17. Nxd6 Qc7 18. Nxe8 Nxe8 19. e4 b5 20. e5 Rb8 21. Be3 b4 22. Ne4 Bb5 23. d6 Qc8 24. Nxc5 Nxd6 25. exd6 Bxf1 26. Bxf1 Bf6 27. Nxa6 Rb7 28. Rc1 Qd8 29. Bb6 Rxb6 30. axb6 Qxb6 31. Qd2 Nf8 32. Rc8 Bd8 33. Rb8 Qa5 34. Qxb4 Qa1 35. Qc4 Ba5 36. Rxf8+ Kh7 37. Bd3+ 1-0

[Event "Peiraias op"]
[Site "Peiraias"]
[Date "2007.09.04"]
[Round "4"]
[White "Skalkotas, Nikolaos"]
[Black "Draci, Robert"]
[Result "1-0"]
[WhiteElo "2275"]
[BlackElo "2228"]
[PlyCount "45"]
[EventDate "2007.09.01"]
[EventType "swiss"]
[EventRounds "7"]
[EventCountry "GRE"]
[SourceTitle "CBM 120 Extra"]
[Source "ChessBase"]
[SourceDate "2007.11.01"]
[SourceVersion "1"]
[SourceVersionDate "2007.11.01"]
[SourceQuality "1"]

1. c4 e5 2. Nc3 Nf6 3. Nf3 d6 4. d4 exd4 5. Nxd4 Nc6 6. Nxc6 bxc6 7. g3 Bb7 8. Bg2 Be7 9. Qa4 Qd7 10. 0-0 0-0 11. Rd1 Rfd8 12. Bf4 Nh5 13. Be3 a6 14. Rd2 f5 15. Rad1 f4 16. gxf4 Qg4 17. Kh1 Nxf4 18. Bf3 Qf5 19. c5 Nh3 20. Qb3+ d5 21. Qxb7 Bh4 22. Qxc6 d4 23. Rxd4 1-0

[Event "Nikaia op 15th"]
[Site "Nikaia"]
[Date "2007.08.24"]
[Round "2"]
[White "Draci, Robert"]
[Black "Malikentzos, Sotirios"]
[Result "0-1"]
[WhiteElo "2228"]
[BlackElo "1899"]
[PlyCount "106"]
[EventDate "2007.08.23"]
[EventType "swiss"]
[EventRounds "9"]
[EventCountry "GRE"]
[SourceTitle "CBM 120 Extra"]
[Source "ChessBase"]
[SourceDate "2007.11.01"]
[SourceVersion "1"]
[SourceVersionDate "2007.11.01"]
[SourceQuality "1"]

1. Nf3 g6 2. d4 Bg7 3. c4 d6 4. Nc3 Bg4 5. e4 Nc6 6. Be3 e5 7. d5 Nd4 8. h3 Bxf3 9. gxf3 c5 10. f4 exf4 11. Bxf4 Nf6 12. Qa4+ Kf8 13. 0-0-0 a6 14. Re1 b5 15. Qd1 Nh5 16. Bd2 b4 17. Na4 Qf6 18. e5 Qf3 19. Qxf3 Nxf3 20. exd6 Nxe1 21. Nxc5 Nf3 22. Bxb4 a5 23. Ba3 Bh6+ 24. Kd1 Kg7 25. Be2 Ne5 26. Bxh5 Nxc4 27. Bg4 Nxa3 28. bxa3 Rab8 29. Kc2 Rhc8 30. Bxc8 Rxc8 31. Kd3 Rxc5 32. Kd4 Rc8 33. Rb1 Rd8 34. Kc5 Bf4 35. Rb6 Bh2 36. Ra6 g5 37. f3 h5 38. a4 f5 39. Rxa5 Bxd6+ 40. Kc6 Bf4 41. Rb5 Kf6 42. a5 g4 43. fxg4 hxg4 44. hxg4 fxg4 45. a6 g3 46. Rb1 Ra8 47. a4 Rxa6+ 48. Kb5 Ra8 49. Rg1 Ke5 50. a5 Kxd5 51. a6 Ke4 52. Ra1 g2 53. Kb6 Be3+ 0-1

[Event "Athens Acropolis op"]
[Site "Athens"]
[Date "2007.08.15"]
[Round "2.41"]
[White "Draci, Robert"]
[Black "Iordanidou, Zoi"]
[Result "1-0"]
[WhiteElo "2228"]
[BlackElo "2005"]
[PlyCount "87"]
[EventDate "2007.08.14"]
[EventType "swiss"]
[EventRounds "9"]
[EventCountry "GRE"]
[SourceTitle "CBM 119 Extra"]
[Source "ChessBase"]
[SourceDate "2007.09.04"]
[SourceVersion "1"]
[SourceVersionDate "2007.09.04"]
[SourceQuality "1"]

1. Nf3 Nf6 2. c4 c5 3. Nc3 e6 4. d4 cxd4 5. Nxd4 b6 6. e4 d6 7. Bd3 Bb7 8. Be3 Be7 9. Qe2 Nbd7 10. f3 Rc8 11. 0-0 0-0 12. Rac1 Qc7 13. b3 Qb8 14. Bg5 Rfe8 15. f4 h6 16. Bh4 Bd8 17. Bg3 Nc5 18. Bb1 a6 19. e5 Nh7 20. f5 dxe5 21. fxe6 fxe6 22. Bxe5 Bc7 23. Qc2 Be4 24. Nxe4 Bxe5 25. Nf3 Nf8 26. Nxc5 bxc5 27. Nxe5 Qxe5 28. Rce1 Qd4+ 29. Kh1 Rcd8 30. Re2 g6 31. Ref2 Re7 32. Rf4 Qe5 33. Qf2 Qg7 34. Qxc5 Red7 35. h3 Rd2 36. Qe3 Rb2 37. Qf3 h5 38. Rf7 Qh6 39. Qf6 Rbd2 40. c5 Rd1 41. c6 Rxf1+ 42. Qxf1 Rc8 43. c7 a5 44. Be4 1-0

[Event "Athens Acropolis op"]
[Site "Athens"]
[Date "2007.08.14"]
[Round "1.18"]
[White "Barsov, Alexei"]
[Black "Draci, Robert"]
[Result "1-0"]
[WhiteElo "2517"]
[BlackElo "2228"]
[PlyCount "61"]
[EventDate "2007.08.14"]
[EventType "swiss"]
[EventRounds "9"]
[EventCountry "GRE"]
[SourceTitle "CBM 119 Extra"]
[Source "ChessBase"]
[SourceDate "2007.09.04"]
[SourceVersion "1"]
[SourceVersionDate "2007.09.04"]
[SourceQuality "1"]

1. d4 d5 2. c4 e6 3. Nc3 Nf6 4. cxd5 exd5 5. Bg5 Be7 6. e3 0-0 7. Bd3 Nbd7 8. Nge2 h6 9. Bh4 b6 10. f3 Bb7 11. Bf2 c5 12. g4 cxd4 13. exd4 Ne8 14. h4 Bd6 15. Nb5 Bb4+ 16. Kf1 a6 17. Nbc3 Bd6 18. Ng3 Bxg3 19. Bxg3 Nc7 20. g5 g6 21. Qc2 Ne6 22. Bxg6 Nxd4 23. Bh7+ Kh8 24. Qd3 Nxf3 25. Qxf3 Kxh7 26. Bd6 Rg8 27. Re1 Nc5 28. Qf5+ Rg6 29. h5 Qxd6 30. hxg6+ fxg6 31. Qf7+ 1-0

[Event "Nikaia Fysiolatriko op 05th"]
[Site "Nikaia"]
[Date "2007.06.22"]
[Round "6"]
[White "Draci, Robert"]
[Black "Iordanidou, Zoi"]
[Result "0-1"]
[WhiteElo "2205"]
[BlackElo "2012"]
[PlyCount "90"]
[EventDate "2007.06.17"]
[EventType "swiss"]
[EventRounds "7"]
[EventCountry "GRE"]
[SourceTitle "EXT 2008"]
[Source "ChessBase"]
[SourceDate "2007.11.25"]
[SourceVersion "1"]
[SourceVersionDate "2007.11.25"]
[SourceQuality "1"]

1. d4 Nf6 2. Nf3 e6 3. c4 b6 4. g3 Bb7 5. Bg2 Bb4+ 6. Bd2 Bxd2+ 7. Nbxd2 0-0 8. 0-0 d5 9. Ne5 Nbd7 10. Nd3 c5 11. e3 Rc8 12. Rc1 Rc7 13. cxd5 exd5 14. Nf3 Qe7 15. Re1 Rfc8 16. Rc2 c4 17. Nde5 b5 18. Bh3 b4 19. Nxd7 Nxd7 20. Ne5 Nxe5 21. dxe5 Rd8 22. Qd4 a5 23. f4 a4 24. f5 Re8 25. e6 f6 26. g4 h6 27. Bg2 Rd8 28. Rd1 c3 29. b3 Rcc8 30. Qf4 Bc6 31. Rd4 Rb8 32. h4 axb3 33. axb3 Qd6 34. Qf3 Ra8 35. Rd1 Ra3 36. g5 hxg5 37. hxg5 fxg5 38. Qh5 Qe7 39. Bxd5 Rxd5 40. Rxd5 Bxd5 41. Qh2 Ra1+ 42. Kf2 Bxb3 43. Kf3 Bxc2 44. Qxc2 Qb7+ 45. Kg4 Rg1+ 0-1

[Event "Heraklio op-A 11th"]
[Site "Heraklion"]
[Date "2007.06.17"]
[Round "9"]
[White "Managadze, Nikoloz"]
[Black "Draci, Robert"]
[Result "0-1"]
[WhiteElo "2433"]
[BlackElo "2205"]
[PlyCount "78"]
[EventDate "2007.06.09"]
[EventType "swiss"]
[EventRounds "9"]
[EventCountry "GRE"]
[SourceTitle "EXT 2008"]
[Source "ChessBase"]
[SourceDate "2007.11.25"]
[SourceVersion "1"]
[SourceVersionDate "2007.11.25"]
[SourceQuality "1"]

1. e4 c5 2. c3 d6 3. d4 Nf6 4. dxc5 dxc5 5. Qxd8+ Kxd8 6. e5 Nd5 7. Bc4 e6 8. Nf3 h6 9. 0-0 b6 10. a4 Bb7 11. a5 Ba6 12. Bxa6 Nxa6 13. c4 Ndb4 14. Nc3 Kc7 15. Nb5+ Kc6 16. Bd2 Be7 17. Bxb4 Nxb4 18. Rfd1 a6 19. Nd6 f5 20. axb6 Kxb6 21. h3 Rhf8 22. Ra4 Kc6 23. Rxb4 cxb4 24. Nd4+ Kd7 25. Nb7 Kc7 26. Nxe6+ Kxb7 27. Rd7+ Kc6 28. Rc7+ Kb6 29. Rxe7 Rfe8 30. c5+ Ka5 31. Rxe8 Rxe8 32. Nd4 b3 33. f4 Kb4 34. c6 a5 35. c7 Rc8 36. Nc6+ Kc5 37. Nxa5 Rxc7 38. Nxb3+ Kc4 39. Na1 Kb4 0-1

[Event "Heraklio op-A 11th"]
[Site "Heraklion"]
[Date "2007.06.14"]
[Round "6"]
[White "Draci, Robert"]
[Black "Kokolias, Konstantinos"]
[Result "1-0"]
[WhiteElo "2205"]
[BlackElo "2268"]
[PlyCount "61"]
[EventDate "2007.06.09"]
[EventType "swiss"]
[EventRounds "9"]
[EventCountry "GRE"]
[SourceTitle "EXT 2008"]
[Source "ChessBase"]
[SourceDate "2007.11.25"]
[SourceVersion "1"]
[SourceVersionDate "2007.11.25"]
[SourceQuality "1"]

1. d4 c5 2. e3 e6 3. Nf3 Nf6 4. c4 cxd4 5. exd4 d5 6. Nc3 Bb4 7. a3 Bxc3+ 8. bxc3 0-0 9. Bd3 dxc4 10. Bxc4 Qc7 11. Qb3 Nc6 12. Bd3 e5 13. Bb1 exd4 14. 0-0 Na5 15. Qa4 dxc3 16. Bg5 Bd7 17. Qh4 c2 18. Bxf6 cxb1Q 19. Raxb1 gxf6 20. Qxf6 Qd8 21. Qh6 Bf5 22. Rb5 Bg6 23. h4 f6 24. h5 Be4 25. Ng5 fxg5 26. Rxg5+ Bg6 27. hxg6 Qc7 28. Rxa5 hxg6 29. Qxg6+ Qg7 30. Qh5 Qh7 31. Qg4+ 1-0

[Event "Ambelokipi op 78th"]
[Site "Athens"]
[Date "2007.06.02"]
[Round "7"]
[White "Poteas, Ioannis"]
[Black "Draci, Robert"]
[Result "0-1"]
[WhiteElo "2160"]
[BlackElo "2199"]
[PlyCount "52"]
[EventDate "2007.05.12"]
[EventType "swiss"]
[EventRounds "7"]
[EventCountry "GRE"]
[SourceTitle "EXT 2008"]
[Source "ChessBase"]
[SourceDate "2007.11.25"]
[SourceVersion "1"]
[SourceVersionDate "2007.11.25"]
[SourceQuality "1"]

1. d4 Nf6 2. Nf3 e6 3. Bg5 Be7 4. Nbd2 d5 5. e3 Nbd7 6. c4 b6 7. cxd5 Nxd5 8. Bxe7 Nxe7 9. Bd3 0-0 10. 0-0 Bb7 11. Qe2 c5 12. Rac1 cxd4 13. Nxd4 Nc5 14. Bb1 e5 15. Qh5 Ng6 16. Bxg6 hxg6 17. Qxe5 Nd3 18. Qg3 Nxc1 19. Rxc1 Rc8 20. Re1 Rc5 21. f3 Qc7 22. Qxc7 Rxc7 23. Kf2 Rfc8 24. e4 Rc1 25. Re3 Rd1 26. N4b3 Ba6 0-1

[Event "Ambelokipi op 78th"]
[Site "Athens"]
[Date "2007.05.17"]
[Round "2"]
[White "Savoglou, Nikolaos"]
[Black "Draci, Robert"]
[Result "1-0"]
[WhiteElo "1889"]
[BlackElo "2199"]
[PlyCount "159"]
[EventDate "2007.05.12"]
[EventType "swiss"]
[EventRounds "7"]
[EventCountry "GRE"]
[SourceTitle "EXT 2008"]
[Source "ChessBase"]
[SourceDate "2007.11.25"]
[SourceVersion "1"]
[SourceVersionDate "2007.11.25"]
[SourceQuality "1"]

1. d4 Nf6 2. c4 g6 3. Nc3 d5 4. cxd5 Nxd5 5. e4 Nxc3 6. bxc3 Bg7 7. Bb5+ c6 8. Ba4 0-0 9. Ne2 b5 10. Bb3 Bb7 11. 0-0 c5 12. e5 a5 13. Be3 e6 14. Qd2 Qc7 15. Bh6 a4 16. Bxg7 Kxg7 17. Bc2 Nc6 18. Ng3 h6 19. Be4 Rad8 20. Bxc6 Qxc6 21. f3 b4 22. Rac1 bxc3 23. Qxc3 Rxd4 24. Ne4 Rd5 25. Nf6 Rdd8 26. Qxc5 Qxc5+ 27. Rxc5 Rd2 28. Rf2 Rfd8 29. Ne8+ Kf8 30. Nd6 Rd1+ 31. Rf1 Rxf1+ 32. Kxf1 Bd5 33. a3 Rb8 34. Rc8+ Rxc8 35. Nxc8 f5 36. f4 Ke8 37. g3 Kd8 38. Nd6 Kd7 39. Kf2 Kc6 40. Ke3 Kc5 41. Kd3 Bc6 42. h4 h5 43. Kc3 Kd5 44. Kd3 Kc5 45. Kc3 Bg2 46. Nf7 Bc6 47. Nd6 Kd5 48. Kd3 Kc5 49. Kc3 Bd5 50. Nf7 Bc6 51. Nd6 Bd7 52. Nb7+ Kc6 53. Nd6 Kd5 54. Kd3 Bc6 55. Ke3 Kc5 56. Kd3 Bg2 57. Kc3 Bf1 58. Nf7 Bb5 59. Nd6 Ba6 60. Nf7 Bb5 61. Nd6 Be2 62. Nb7+ Kd5 63. Nd6 Ba6 64. Kb4 Kd4 65. Kxa4 Ke3 66. Nf7 Bc8 67. Nh8 Bd7+ 68. Kb4 Be8 69. a4 Kd4 70. a5 Kd3 71. a6 Bc6 72. Nxg6 Ke4 73. Kc5 Bd5 74. a7 Kf3 75. Kd6 Kxg3 76. Kc7 Kf3 77. Kb8 Ke4 78. a8Q Bxa8 79. Kxa8 Kd5 80. Kb7 1-0

[Event "Ambelokipi op 77th"]
[Site "Athens"]
[Date "2007.04.25"]
[Round "4"]
[White "Kosmas Lekkas, Dimitrios"]
[Black "Draci, Robert"]
[Result "0-1"]
[WhiteElo "1996"]
[BlackElo "2199"]
[PlyCount "154"]
[EventDate "2007.04.14"]
[EventType "swiss"]
[EventRounds "7"]
[EventCountry "GRE"]
[SourceTitle "EXT 2008"]
[Source "ChessBase"]
[SourceDate "2007.11.25"]
[SourceVersion "1"]
[SourceVersionDate "2007.11.25"]
[SourceQuality "1"]

1. d4 Nf6 2. c4 e6 3. Nc3 d5 4. cxd5 exd5 5. Bg5 Be7 6. e3 c6 7. Bd3 Ne4 8. Bxe7 Qxe7 9. Qc2 Bf5 10. Nf3 0-0 11. 0-0 Nd7 12. Bxe4 dxe4 13. Nd2 Rfe8 14. Rab1 Bg6 15. b4 Nf6 16. Rfc1 Rac8 17. Nb3 b6 18. a3 h6 19. Qb2 Bf5 20. b5 Qd6 21. h3 Qd7 22. bxc6 Rxc6 23. Ne2 Rd6 24. Kh2 Nd5 25. Nd2 Rg6 26. Ng3 Qe6 27. Qb5 Rd8 28. Ndf1 h5 29. Nxh5 Rh6 30. Nhg3 Bxh3 31. gxh3 Qxh3+ 32. Kg1 Kh7 33. Rc6 Rh4 34. Qe2 f5 35. f4 exf3 36. Qxf3 f4 37. exf4 Nxf4 38. Rb2 Qd7 39. Rd2 Nh3+ 40. Kg2 Nf4+ 41. Kg1 Rf8 42. Qe4+ Kg8 43. Qc2 Nh3+ 44. Kg2 Qd5+ 45. Ne4 Rxe4 46. Qc4 Nf4+ 47. Kg1 Ne2+ 48. Kg2 Nf4+ 49. Kg1 Qxc4 50. Rxc4 Nd5 51. Ng3 Rg4 52. Rd3 Nf4 53. Re3 Rf6 54. Rc2 Rfg6 55. Kf2 Nd5 56. Rd3 Rf6+ 57. Kg1 Rff4 58. Rcd2 Kh7 59. Kh2 Kg6 60. Rg2 Rf8 61. Ne2 Rh8+ 62. Kg1 Rxg2+ 63. Kxg2 Kf5 64. Kf3 Rh3+ 65. Ng3+ Kg5 66. Ke4 Nf6+ 67. Kf3 Nh5 68. Kf2 Rxg3 69. Rxg3+ Nxg3 70. Kxg3 Kf5 71. Kf3 g5 72. a4 g4+ 73. Kg3 Ke4 74. Kxg4 Kxd4 75. Kf3 Kc4 76. Ke3 Kb4 77. a5 Kxa5 0-1

[Event "Ambelokipi op 76th"]
[Site "Athens"]
[Date "2007.03.24"]
[Round "5"]
[White "Draci, Robert"]
[Black "Delithanasis, Dimitrios"]
[Result "1-0"]
[WhiteElo "2199"]
[BlackElo "2239"]
[PlyCount "119"]
[EventDate "2007.03.13"]
[EventType "swiss"]
[EventRounds "7"]
[EventCountry "GRE"]
[SourceTitle "EXT 2008"]
[Source "ChessBase"]
[SourceDate "2007.11.25"]
[SourceVersion "1"]
[SourceVersionDate "2007.11.25"]
[SourceQuality "1"]

1. d4 d5 2. c4 e6 3. Nc3 Nf6 4. Bg5 Be7 5. e3 h6 6. Bh4 0-0 7. Bd3 dxc4 8. Bxc4 a6 9. a4 c5 10. Nf3 Nc6 11. 0-0 b6 12. dxc5 bxc5 13. Qe2 Bb7 14. Rfd1 Qb6 15. e4 Nd4 16. Nxd4 cxd4 17. a5 Qc5 18. Na4 Qe5 19. f3 Rfd8 20. Kh1 Qh5 21. Bg3 Qxa5 22. b3 Nh5 23. Be1 Qc7 24. Nb2 a5 25. Nd3 a4 26. Rac1 Nf4 27. Nxf4 Qxf4 28. bxa4 Rxa4 29. Bb5 Ra3 30. Bg3 Qf6 31. e5 Qg5 32. f4 Qg6 33. Rc7 Re3 34. Qf1 Rxg3 35. hxg3 Qxg3 36. Rxb7 d3 37. Qf3 Qh4+ 38. Qh3 d2 39. Qxh4 Bxh4 40. Kh2 Be1 41. g3 h5 42. Kg2 g6 43. Kf3 Kg7 44. Rd7 Rc8 45. R1xd2 Bxd2 46. Rxd2 Rc5 47. Bd3 g5 48. Rh2 g4+ 49. Ke3 Kh6 50. Ra2 Rc1 51. Ra7 Re1+ 52. Kf2 Rd1 53. Be2 Rd2 54. Rxf7 h4 55. gxh4 g3+ 56. Kxg3 Rxe2 57. Rf6+ Kh5 58. Kf3 Ra2 59. Rxe6 Ra4 60. Re8 1-0